000 00310nam a22001337a 4500
008 170804b xxu||||| |||| 00| 0 eng d
020 _a3540089969
041 _aeng
080 _a004
100 _a33
101 _aSHKI
245 _aRECHNER-GESTUTZTE INFORMATIONS-SYSTEME
_cMAYR, H.C
942 _2udc
_cBK
999 _c22665
_d22665